000 00956nam a2200241Ia 4500
003 OSt
005 20220923222753.0
006 a|||||r|||| 00| 0
007 ta
008 220922b |||||||| |||| 00| 0 hin d
024 _a207,681
037 _cTextual
040 _aARTS
_cARTS
_bhin
041 _2hin
_ahin
082 _aO152,3NNA:g, N9
100 _aहरित, ज्ञानेश दत्त; हरित, ज्ञानेश दत्त, अनु.
_9167207
245 0 _aनागार्जुन का कथा साहित्य
246 _aNāgārjun kā kathā sāhitya
260 _aबिजनौर
_b अखिल भारतीय साहित्य कला मंच
_c1999
300 _a260पृ.
_ccm.
942 _hO152,3NNA:g, N9
_cTEXL
_2CC
999 _c358298
_d358298